Cities in the DFW Metroplex on a Map - Statistics

General Stats
  • This quiz has been taken 204 times
  • The average score is 45 of 109
Answers on the Map
Answers color-coded by a green-red scale on the quiz's map according to % correct below.
 
Answer Stats
Population City % Correct
1,356,479 Dallas
99%
1,001,741 Fort Worth
98%
294,152 Plano
98%
411,167 Arlington
96%
231,768 Frisco
93%
264,546 Irving
89%
214,871 McKinney
89%
154,189 Denton
88%
106,009 Allen
81%
136,479 Carrollton
80%
209,231 Grand Prairie
77%
122,678 Richardson
77%
250,099 Garland
76%
137,315 Lewisville
76%
155,382 Mesquite
73%
52,283 Grapevine
71%
57,999 Desoto
63%
8,759 Highland Park
63%
49,224 Waxahachie
63%
42,598 Prosper
62%
80,707 Flower Mound
59%
61,555 Euless
57%
52,882 Rockwall
57%
46,787 The Colony
57%
25,544 University Park
55%
32,195 Southlake
54%
17,835 Addison
53%
43,193 Coppell
51%
49,941 Bedford
50%
40,779 Duncanville
50%
39,070 Farmers Branch
50%
58,169 Little Elm
50%
73,602 North Richland Hills
50%
45,854 Celina
49%
66,711 Rowlett
49%
62,171 Wylie
49%
86,323 Mansfield
48%
24,087 Melissa
48%
40,454 Hurst
47%
27,823 Anna
46%
32,411 Weatherford
46%
50,904 Cedar Hill
45%
47,476 Keller
45%
41,083 Midlothian
43%
26,639 Colleyville
42%
7,845 Lake Dallas
41%
42,183 Lancaster
41%
32,642 Greenville
39%
8,678 Richland Hills
39%
53,504 Burleson
37%
18,522 White Settlement
37%
29,692 Forney
36%
46,505 Haltom City
36%
34,396 Cleburne
35%
18,432 Terrell
35%
9,187 Aubrey
34%
33,288 Princeton
34%
22,546 Royse City
34%
23,538 Ennis
33%
30,483 Sachse
33%
14,401 Trophy Club
33%
21,193 Murphy
32%
23,815 Corinth
31%
7,438 Kaufman
31%
6,128 Parker
31%
25,223 Saginaw
31%
14,847 Azle
30%
11,468 Granbury
30%
20,156 Seagoville
30%
11,006 Fairview
29%
27,366 Fate
29%
5,378 Lake Worth
29%
6,470 Argyle
28%
11,811 Northlake
28%
25,441 Benbrook
27%
7,102 Decatur
27%
8,270 Lucas
27%
18,577 Red Oak
27%
19,935 Crowley
26%
10,385 Heath
26%
16,150 Highland Village
26%
6,578 Pilot Point
26%
10,071 Sanger
26%
5,202 Aledo
25%
27,923 Balch Springs
25%
6,658 Justin
25%
6,571 Krum
24%
9,266 Commerce
23%
8,154 Lavon
23%
23,775 Watauga
23%
6,321 Hutchins
22%
10,127 Roanoke
22%
19,532 Glenn Heights
20%
8,588 Kennedale
20%
9,398 Sunnyvale
20%
6,265 Alvarado
19%
7,134 Wilmer
19%
8,905 Joshua
16%
6,279 Everman
15%
5,995 Hickory Creek
15%
10,358 Providence Village
15%
6,000 Bridgeport
13%
14,468 Forest Hill
13%
7,654 River Oaks
13%
7,006 Venus
13%
6,019 Oak Point
12%
6,784 Keene
8%
5,496 Sansom Park
8%
5,599 Willow Park
6%
No matching quizzes found
Score Distribution
Percent of People with Each Score
Percentile by Number Answered
Your Score History
You have not taken this quiz